Handbook of procedure for the design of instruction
שמור ב:
| מחבר ראשי: | |
|---|---|
| פורמט: | ספר |
| שפה: | Undetermined |
| יצא לאור: |
Englewood Cliffs, New Jersey
Educational Technology
1981
|
| נושאים: | |
| תגים: |
הוספת תג
אין תגיות, היה/י הראשונ/ה לתייג את הרשומה!
|
| Thư viện lưu trữ: | Trung tâm Học liệu Trường Đại học Cần Thơ |
|---|
| LEADER | 00582nam a2200193Ia 4500 | ||
|---|---|---|---|
| 001 | CTU_44030 | ||
| 008 | 210402s9999 xx 000 0 und d | ||
| 082 | |a 371.3 | ||
| 082 | |b B854 | ||
| 100 | |a Briggs, Leslie J. | ||
| 245 | 0 | |a Handbook of procedure for the design of instruction | |
| 245 | 0 | |c Leslie J Briggs, Walter W. Wager | |
| 260 | |a Englewood Cliffs, New Jersey | ||
| 260 | |b Educational Technology | ||
| 260 | |c 1981 | ||
| 650 | |a Instructional systems | ||
| 650 | |x Design and construction | ||
| 904 | |i Minh | ||
| 980 | |a Trung tâm Học liệu Trường Đại học Cần Thơ | ||